00571nam a22001817a 450000500170000000800410001702000180005808200170007610000240009324500500011726000510016730000270021865000210024565000130026694200060027995200890028599900150037420240613051435.0240613b |||||||| |||| 00| 0 eng d a9788123431789 222a301bSIV aSivasubramaniyen. A aAdithala Makkal VaralarucA.Sivasubramaniyam aChennaibNew Century Book House Pvt. Ltdc2018 axvi, 308 p .,  aTamil Literature a History cL 001040708LaWERCLbWERCLd2024-06-13l0o301 SIVp7081r2024-06-13w2024-06-13yL c5898d5898